000 00279nam a22001337a 4500
008 171226b xxu||||| |||| 00| 0 eng d
020 _a0195417917
041 _aeng
080 _a32
100 _a19
101 _aPOL
245 _aA FADING POWER
_cHILLMER,N
942 _2udc
_cBK
999 _c39393
_d39393